000 01809nam a22003137a 4500
003 OSt
005 20260416190931.0
008 260407t1975 xxu||||| |||| 00| 0 spa d
020 _a8424403681
040 _aUnicoc
_bspa
_c00001
_d00001
082 _a150.8
100 _912755
_aSkinner, Burrhus Frederic
245 _aSelección de la obra de Skinner realizada por el propio autor
_c/ Burrhus Frederic Skinner
250 _a1 Ed.
260 _aEspaña :
_bFontanella ,
_c1975
300 _a675 páginas
_bIlustraciones, gráficas
440 _912806
_aConducta humana
_n24
500 _aIncluye notas bibliográficas
505 _tPrimera parte: Implicaciones de una ciencia de la conducta en los problemas humanos, especialmente en la relación con el concepto de libertad. --
_tSegunda parte: un método del análisis experimental de la conducta: su teoría y su práctica, su historia y un atisbo de su futuro. --
_tTercera parte: la tecnología de la enseñanza. --
_tCuarta parte: análisis y tratamiento de la conducta neurótica, psicótica y retrasada. --
_tQuinta parte: sólo para psicólogos experimentados. --
_tSexta parte: conducta creadora.--
_tSéptima parte: conducta literaria y conducta verbal. --
_tOctava parte: consideraciones teóricas. --
_tNovena parte: miscelánea.
526 _5Unicoc
546 _aEspañol
650 0 _99335
_aConducta (Psicología)
650 0 _98527
_aTrastornos de conducta
650 0 _910631
_aPsicología experimental
650 0 _9453
_aPsicología
_vColecciones de escritos
658 0 _910741
_aPrograma de Psicología
856 _yAcceso online exclusivo para comunidad Unicoc.
_uhttps://unicoceduco-my.sharepoint.com/:b:/g/personal/direccionbiblioteca_unicoc_edu_co/IQDGrsgbk0HqSp6Ygofh-ctKARSZKajX8SX151XhpgCuy24
942 _2ddc
_cEBOOK
999 _c10808
_d10808